World Cup Winners By Year - Whammies - Statistics

General Stats
  • This quiz has been taken 45 times
  • The average score is 13 of 22
Answer Stats
Year Host Winners % Correct
1930 Uruguay Uruguay
91%
2022 Qatar Argentina
82%
1934 Italy Italy
82%
2018 Russia France
77%
2014 Brazil Germany
73%
1966 England England
64%
2010 South Africa Spain
64%
2002 South Korea/Japan Brazil
59%
1998 France France
59%
1938 France Italy
59%
1978 Argentina Argentina
55%
1958 Sweden Brazil
55%
1994 United States Brazil
55%
2006 Germany Italy
55%
1950 Brazil Uruguay
55%
1962 Chile Brazil
50%
1982 Spain Italy
50%
1974 West Germany West Germany
50%
1986 Mexico Argentina
45%
1970 Mexico Brazil
45%
1954 Switzerland West Germany
45%
1990 Italy West Germany
41%
No matching quizzes found
Score Distribution
Percent of People with Each Score
Percentile by Number Answered
Your Score History
You have not taken this quiz